| 000 | 00716nam a2200229 a 4500 | ||
|---|---|---|---|
| 001 | 6015 | ||
| 003 | CDMR | ||
| 005 | 20131129095408.0 | ||
| 008 | 130220s2006||||||||||||||||||||||||||||d | ||
| 020 | _a8498090113 | ||
| 040 |
_aCDMR _bcat _cCPC LLEIDA |
||
| 100 | 1 |
_aGifreu, Josep _9366 |
|
| 245 | 1 | 3 |
_aLa pell de la diferència _b: comunicació, llengua i cultura des de l'espai català _cJosep Gifreu ; [pròleg de Salvador Cardús] |
| 260 |
_aBarcelona _bPòrtic _c2006 |
||
| 300 | _a175 p. | ||
| 490 | 0 |
_aVisions (Pòrtic) _v21 |
|
| 650 | 0 | 4 |
_93211 _aComunicació i cultura |
| 650 | 0 | 4 |
_93328 _aCatalà |
| 650 | 0 | 4 |
_94395 _aPluralisme cultural |
| 650 | 0 | 4 |
_94359 _aCatalunya _xPolítica lingüística |
| 942 |
_cMON _2udc |
||
| 999 |
_c6015 _d6015 |
||